00503nam a2200157Ia 4500003000900000008004100009020001800050040001600068080001500084100001700099245014500116260004200261300001400303650001600317650001200333IN-BaIIA211028s9999 xx 000 0 eng d a0-19-850531-0 cIIA Library a5(04)bPER aPerutz, M. F 0aI wish I'd made you angry earlierbessays on science, scientists, and humanitycM. F. Perutz  aOxfordbOxford University Pressc1998 axv, 354p. aDiscoveries aScience